000 00325nam a2200133Ia 4500
008 240624s9999 xx 000 0 und d
041 _aeng
082 _a823 SIN
100 _aKHUSHWANT SINGH
245 _aCLASSIC KHUSHWANT SIGH
260 _c2010
_aNew Delhi
_bPenguin Books
300 _a851 : p. : cm. ; 20
365 _cRS
999 _c22596
_d22596